Promoting jobs, protecting youth : (Record no. 4635)

MARC details
000 -LEADER
fixed length control field 00527nam a2200145 4500
008 - FIXED-LENGTH DATA ELEMENTS--GENERAL INFORMATION
fixed length control field 240117b |||||||| |||| 00| 0 eng d
082 ## - DEWEY DECIMAL CLASSIFICATION NUMBER
Classification number 331.341
Item number INT
942 ## - ADDED ENTRY ELEMENTS (KOHA)
Item Type Reports
110 ## - MAIN ENTRY--CORPORATE NAME
Corporate Name International Labour Organization
245 ## - TITLE STATEMENT
Title Promoting jobs, protecting youth :
Sub Title ILO's work on youth employment and entrepreneurship
260 ## - PUBLICATION, DISTRIBUTION, ETC. (IMPRINT)
Place of Publication Colombo:
Name of Publisher ILO Country Office for Sri Lanka and Maldives,
Date of Copyright 2015
300 ## - PHYSICAL DESCRIPTION
Extent 47 p. : color ill.; 26 cm
505 ## - FORMATTED CONTENTS NOTE
Formatted contents note With partial reference to Sri Lanka
650 ## - SUBJECT ADDED ENTRY--TOPICAL TERM
Topical Term Youth Employment- Sri Lanka
Holdings
Withdrawn status Lost status Source of classification or shelving scheme Damaged status Not for loan Permanent location Current location Date acquired Total Checkouts Full call number Barcode Date last seen Price effective from Koha item type
    Dewey Decimal Classification     Resource center, Muslim Women's Research And Action Forum Resource center, Muslim Women's Research And Action Forum 2024-01-17   331.341 INT RAF4756 2024-01-17 2024-01-17 Reports

Copyright © 2023 Muslim Women's Research and Action Forum (MWRAF), No 27/3, Anderson Road, Kalubowila, Dehiwela. Funded by The Asia Fundation